000 00788cam a22002175a 4500
001 L140694
008 071005s1861 xxk eng u
035 _a(Sirsi) u140694
041 0 _aeng
110 2 _aMessrs. Butcher
_95372
245 0 1 _a[Catalogue of a sale of] an estate at Rickinghall Superior and Rickinghall Inferior, Suffolk
_bfor sale by Messrs. Butcher 1861
260 _aS.l.
_bs.n.
_c[1861]
300 _a3 leaves
_bcol. map
_c55 x 42 cm., folded to 31 x 24 cm., or smaller
340 _aPrinted
351 _cSingle item
500 _aCatalogue incomplete - lacks cover etc.
500 _aPresented by Mrs A. Lacey of Bury St Edmunds.
651 4 _aSuffolk
690 _aPROPERTY-PROPERTY ACQUISITION AND DISPOSAL-ACQUISITION AND DISPOSAL AT AUCTION
942 _n0
999 _c116432
_d116432